| 000 | 00851cam a2200265 a 4500 | ||
|---|---|---|---|
| 005 | 20140903175029.0 | ||
| 008 | 140122s2010 sp frn 000 0dspa d | ||
| 020 | _a9788483107423 | ||
| 040 |
_aCO-BoUCM _bspa _cRoberto Burgos _dHenry Ríos |
||
| 041 | 1 |
_aspa _hFrances |
|
| 100 | 1 |
_aKundera, Milan _d1929- _931541 |
|
| 245 | 1 | 3 |
_aLa identidad _cMilan Kundera ; traducción Beatriz de Moura |
| 250 | _a6a ed | ||
| 260 |
_aBarcelona _bTusquets _c2010 |
||
| 300 | _a178 páginas | ||
| 490 |
_aColección Fabula _v162 |
||
| 650 | 7 |
_aAmor en la literatura _98921 |
|
| 650 | 7 |
_aLiteratura checa _918623 |
|
| 650 | 7 |
_aNovela checa _920479 |
|
| 690 |
_942863 _aLiteratura europea |
||
| 700 | 1 |
_aMoura, Beatriz de _etraductor _953845 |
|
| 765 | _tL'identite | ||
| 942 |
_a18 _cLIBRO _e6 _mK964i _2DEWEY _h891.865 |
||
| 999 |
_c184647 _d184647 |
||